00440nam a2200133Ia 4500008004100000041000800041082001500049100005700064245013000121260002800251300000700279365000700286650001300293210719s1992 xx 000 0 und d aeng a001.4 ALLC aALL INDIA Association for Christian higher education aConsultation on research guidance for university and college teachers held at Kristu Jyoti college, Bangalore, May 4-9, 1992. aNew DelhibAIACHEc1992 bPB cRs aResearch